Library Banner

Caring for people with dementia : (Record no. 104437)

MARC details
000 -LEADER
fixed length control field 00473nam a22001695i 4500
001 - CONTROL NUMBER
control field 19278469
005 - DATE AND TIME OF LATEST TRANSACTION
control field 20180423095734.0
008 - FIXED-LENGTH DATA ELEMENTS--GENERAL INFORMATION
fixed length control field 160919s2017 cau 000 0 eng
020 ## - INTERNATIONAL STANDARD BOOK NUMBER
International Standard Book Number 9781412962001 (pbk.)
040 ## - CATALOGING SOURCE
Transcribing agency PK-LaUMT
082 ## - DEWEY DECIMAL CLASSIFICATION NUMBER
Classification number 610.736
Item number BRO-C
100 1# - MAIN ENTRY--PERSONAL NAME
Personal name Brown Wilson, Christine
245 10 - TITLE STATEMENT
Title Caring for people with dementia :
Remainder of title a shared approach /
Statement of responsibility, etc Christine Brown Wilson
260 ## - PUBLICATION, DISTRIBUTION, ETC. (IMPRINT)
Place of publication, distribution, etc Los Angeles :
Name of publisher, distributor, etc Sage,
Date of publication, distribution, etc 2017
300 ## - PHYSICAL DESCRIPTION
Extent 199 p.
942 ## - ADDED ENTRY ELEMENTS (KOHA)
Koha item type Books
Holdings
Withdrawn status Lost status Damaged status Home library Current library Date acquired Full call number Barcode Date last seen Price effective from Koha item type
      UMT Health Sciences Campus UMT Health Sciences Campus 2018-04-23 610.736 BRO-C 120904 2023-07-31 2018-04-23 Books